The design dimension of planning : theory, content, and best practice for design policies (Record no. 10603)

000 -LEADER
fixed length control field 00382nam a2200133Ia 4500
003 - CONTROL NUMBER IDENTIFIER
control field OSt
005 - DATE AND TIME OF LATEST TRANSACTION
control field 20220408193009.0
008 - FIXED-LENGTH DATA ELEMENTS--GENERAL INFORMATION
fixed length control field 220318s9999 xx 000 0 und d
020 ## - INTERNATIONAL STANDARD BOOK NUMBER
International Standard Book Number 9780415512282
082 ## - DEWEY DECIMAL CLASSIFICATION NUMBER
Classification number 721.0941
100 ## - MAIN ENTRY--PERSONAL NAME
Personal name Punter, John; Carmona, Matthew
245 #4 - TITLE STATEMENT
Title The design dimension of planning : theory, content, and best practice for design policies
942 ## - ADDED ENTRY ELEMENTS (KOHA)
Source of classification or shelving scheme
Holdings
Withdrawn status Lost status Source of classification or shelving scheme Damaged status Koha normalized classification for sorting Not for loan Permanent location Current location Date acquired Source of acquisition Cost, normal purchase price Full call number Barcode Date last seen Cost, replacement price Price effective from Koha item type
        721_094100000000000   BMS College of Architecture, Design and Planning BMS College of Architecture, Design and Planning 2022-04-08 6 2923.08 721.0941 AR-PG541 2022-04-08 4175.83 2022-04-08 PG Books
Copyright © 2025, The Librarian, Library and Information Centre, BMSCA D&P, Bengaluru. All Rights Reserved
web counter

Powered by Koha